[Event "USV Volksbank Halle-BSV 63 Chemie Weißen"]
[Site "Magdeburg DVM U14"]
[Date "2012.12.28"]
[Round "4.1"]
[White "Greßmann, Moritz"]
[Black "Altstadt, Karl-Simon"]
[Result "1/2-1/2"]
[WhiteElo "1846"]
[BlackElo "1717"]
[PlyCount "179"]
[EventDate "2012.??.??"]
[WhiteTeam "BSV 63 Chemie Weißensee"]
[BlackTeam "USV Volksbank Halle"]

1. e4 c5 2. Nf3 d6 3. Bc4 e6 4. c3 Nf6 5. d3 Be7 6. O-O O-O 7. Bb3 a6 8. Re1 b5
9. Nbd2 Bb7 10. Nf1 d5 11. e5 Nfd7 12. d4 Nc6 13. a3 Re8 14. Bc2 f5 15. exf6
Bxf6 16. Qd3 g6 17. Be3 c4 18. Qd2 e5 19. dxe5 Ndxe5 20. Nxe5 Nxe5 21. Bd4 Nd7
22. Rxe8+ Qxe8 23. Re1 Qf7 24. Bd1 Re8 25. Rxe8+ Qxe8 26. Bxf6 Nxf6 27. Qd4 Qe6
28. Ne3 Kg7 29. Bf3 Kf7 30. h3 Kg7 31. Ng4 h5 32. Ne3 Kf7 33. g4 hxg4 34. hxg4
Ne4 35. Bxe4 dxe4 36. Qh8 Qf6 37. Qb8 Qe7 38. Qg3 Qe6 39. g5 Ke7 40. Qb8 Qd7
41. Qf4 Qe6 42. Qc7+ Qd7 43. Qb6 Qc6 44. Qd4 Qe6 45. Qg7+ Qf7 46. Qh8 Qe6 47.
Qh2 Bc6 48. Qc7+ Qd7 49. Qb6 Qd6 50. Qxa6 Qc5 51. Kf1 Kd7 52. a4 bxa4 53. Ke1
Qxg5 54. Qxc4 Qg1+ 55. Ke2 Qg5 56. Qd4+ Kc7 57. Qa7+ Kc8 58. c4 Qe5 59. Qb6 Kd7
60. Qb4 Qd4 61. Kf1 Qd3+ 62. Kg2 Qe2 63. Qc3 Qf3+ 64. Kg1 Qf7 65. Qd4+ Kc8 66.
c5 Qf4 67. Qh8+ Kb7 68. Qg7+ Qc7 69. Qxg6 Qa5 70. Qd6 Qe1+ 71. Kg2 Qa5 72. Qe7+
Qc7 73. Qf6 Qa5 74. Qe5 Qc7 75. Qc3 Qf4 76. Qb4+ Kc8 77. Kf1 Qh2 78. Qc4 Qh1+
79. Ke2 Qf3+ 80. Ke1 Qf4 81. Qc3 Qh2 82. Qf6 Qc7 83. Nc4 Kb7 84. Nd6+ Ka7 85.
Qc3 Ka6 86. Qc4+ Ka7 87. Ke2 Qb8 88. Qd4 Qb3 89. Qd2 Qf3+ 90. Kf1 1/2-1/2

[Event "USV Volksbank Halle-BSV 63 Chemie Weißen"]
[Site "Magdeburg DVM U14"]
[Date "2012.12.28"]
[Round "4.2"]
[White "Kretzschmar, Arnd"]
[Black "Donath, Johann"]
[Result "0-1"]
[WhiteElo "1751"]
[BlackElo "1924"]
[PlyCount "40"]
[EventDate "2012.??.??"]
[WhiteTeam "USV Volksbank Halle"]
[BlackTeam "BSV 63 Chemie Weißensee"]

1. e4 e5 2. Nf3 Nc6 3. Bc4 Bc5 4. b4 Bxb4 5. c3 Ba5 6. d4 exd4 7. O-O Nf6 8. e5
d5 9. exd6 O-O 10. dxc7 Qxc7 11. cxd4 Bg4 12. Bb2 Rad8 13. d5 Qf4 14. Bxf6 Qxf6
15. Nbd2 Bxd2 16. Qxd2 Bxf3 17. gxf3 Ne5 18. Be2 Nxf3+ 19. Bxf3 Qxf3 20. Rfd1
Rd6 0-1

[Event "USV Volksbank Halle-BSV 63 Chemie Weißen"]
[Site "Magdeburg DVM U14"]
[Date "2012.12.28"]
[Round "4.3"]
[White "Koch, Elisabeth"]
[Black "Schulte, Felix"]
[Result "0-1"]
[WhiteElo "1576"]
[BlackElo "1630"]
[PlyCount "80"]
[EventDate "2012.??.??"]
[WhiteTeam "BSV 63 Chemie Weißensee"]
[BlackTeam "USV Volksbank Halle"]

1. e4 c5 2. Nc3 Nc6 3. Bb5 Nd4 4. Bc4 e6 5. Nf3 g6 6. Nxd4 cxd4 7. Ne2 Bg7 8.
d3 Ne7 9. O-O O-O 10. f4 d5 11. Bb3 dxe4 12. dxe4 b6 13. e5 Ba6 14. Rf2 Nf5 15.
Rf3 Re8 16. Ng3 Bb7 17. Rd3 Nxg3 18. hxg3 Bf8 19. Be3 dxe3 20. Rxd8 Raxd8 21.
Qe1 Rd2 22. Qf1 Rf2 23. Qb5 Rxg2+ 24. Kf1 e2+ 25. Ke1 Rd8 26. Qxe2 Rxe2+ 27.
Kxe2 Bd5 28. Bxd5 Rxd5 29. c3 g5 30. a4 Bh6 31. Kf3 gxf4 32. gxf4 Rd2 33. Rh1
Bg7 34. Rb1 f6 35. exf6 Bxf6 36. Rg1+ Kf7 37. Rh1 Rxb2 38. Rxh7+ Bg7 39. a5
bxa5 40. Rh5 Bxc3 0-1

[Event "USV Volksbank Halle-BSV 63 Chemie Weißen"]
[Site "Magdeburg DVM U14"]
[Date "2012.12.28"]
[Round "4.4"]
[White "Hartge, Gedeon"]
[Black "Greßmann, Hanna"]
[Result "1-0"]
[WhiteElo "1626"]
[BlackElo "1436"]
[PlyCount "75"]
[EventDate "2012.??.??"]
[WhiteTeam "USV Volksbank Halle"]
[BlackTeam "BSV 63 Chemie Weißensee"]

1. d4 d5 2. c4 e6 3. Nf3 Nf6 4. Bg5 Be7 5. Nc3 O-O 6. e3 Nbd7 7. Bd3 b6 8. cxd5
Nxd5 9. Nxd5 exd5 10. Bxe7 Qxe7 11. Qc2 Nf6 12. Rc1 Qb4+ 13. Qc3 a5 14. a3
Qxc3+ 15. Rxc3 Ra7 16. O-O Be6 17. Rfc1 Rc8 18. Ne5 Kf8 19. f3 h6 20. Bb5 Ne8
21. Bd7 Rca8 22. Bxe8 Kxe8 23. Rxc7 Rxc7 24. Rxc7 Rc8 25. Rxc8+ Bxc8 26. Kf2 f6
27. Nd3 g5 28. e4 Ke7 29. e5 Ke6 30. exf6 Kxf6 31. g4 Bd7 32. Ne5 Be8 33. Kg3
b5 34. f4 gxf4+ 35. Kxf4 a4 36. h4 Kg7 37. Kf5 Kh7 38. Ke6 1-0

[Event "SG Porz-SF Brackel 1930"]
[Site "Magdeburg DVM U14"]
[Date "2012.12.28"]
[Round "4.1"]
[White "Flüchter, Gregor"]
[Black "Sabirov, Ramil"]
[Result "1-0"]
[WhiteElo "2016"]
[BlackElo "1948"]
[PlyCount "105"]
[EventDate "2012.??.??"]
[WhiteTeam "SF Brackel 1930"]
[BlackTeam "SG Porz"]

1. e4 c5 2. Nf3 Nc6 3. c3 Nf6 4. e5 Nd5 5. d4 cxd4 6. Bc4 e6 7. cxd4 d6 8. O-O
Be7 9. Nc3 Nxc3 10. bxc3 dxe5 11. dxe5 Qa5 12. Bf4 O-O 13. Qc2 b6 14. Rfd1 Rd8
15. Rxd8+ Bxd8 16. Rd1 Ba6 17. Bxa6 Qxa6 18. Qe4 Qb7 19. Nd4 Na5 20. Qxb7 Nxb7
21. Nc6 Rc8 22. Nxa7 Rxc3 23. Rd7 Rc7 24. Rxc7 Bxc7 25. Be3 Kf8 26. Kf1 Nc5 27.
f4 Ke7 28. Ke2 f6 29. exf6+ gxf6 30. g4 f5 31. g5 Kf7 32. Nb5 Bd8 33. h4 Kg6
34. Bf2 h6 35. Kf3 e5 36. fxe5 hxg5 37. hxg5 Kxg5 38. Nd6 Kg6 39. Bxc5 bxc5 40.
a4 Be7 41. Kf4 Bd8 42. Nxf5 Kf7 43. Ke4 Ke6 44. Nd6 Bb6 45. Nc4 Ba7 46. a5 Bb8
47. a6 Ba7 48. Na5 Bb6 49. Nc6 c4 50. a7 Bxa7 51. Nxa7 c3 52. Nb5 c2 53. Nd4+
1-0

[Event "SG Porz-SF Brackel 1930"]
[Site "Magdeburg DVM U14"]
[Date "2012.12.28"]
[Round "4.2"]
[White "Fieberg, Samuel"]
[Black "Birnkraut, Tim"]
[Result "1/2-1/2"]
[WhiteElo "1850"]
[BlackElo "1864"]
[PlyCount "110"]
[EventDate "2012.??.??"]
[WhiteTeam "SG Porz"]
[BlackTeam "SF Brackel 1930"]

1. e4 e5 2. Nf3 Nc6 3. Bc4 Bc5 4. c3 Nf6 5. d3 O-O 6. Nbd2 d5 7. Bb3 Bg4 8. Qe2
d4 9. h3 Bh5 10. O-O Qe7 11. Rd1 Bg6 12. Nf1 Kh8 13. Ng3 Ne8 14. a4 a6 15. Ba2
Nd6 16. cxd4 Nxd4 17. Nxd4 Bxd4 18. Be3 c5 19. Bxd4 cxd4 20. Rac1 Rac8 21. Qe1
Rc7 22. Rxc7 Qxc7 23. Rc1 Qb6 24. Rc2 Rc8 25. Qc1 Rxc2 26. Qxc2 Qc6 27. Qxc6
bxc6 28. b4 f6 29. Kf1 h6 30. Be6 Bf7 31. Bd7 g6 32. Bxc6 Kg8 33. Ke2 Kf8 34.
Nf1 Ke7 35. Nd2 Kd8 36. Bd5 Be8 37. Bb3 Kc7 38. Kd1 Nc8 39. Nc4 Na7 40. Na3 Nc6
41. Nc2 Ne7 42. Kc1 Nc8 43. Kb2 Nd6 44. Ka3 f5 45. f3 f4 46. Na1 Nc8 47. Bc4
Kb6 48. Nb3 Ne7 49. h4 g5 50. hxg5 hxg5 51. Nc5 a5 52. Be6 Kc6 53. Nb3 Kb6 54.
Nc5 Kc7 55. Nb3 Kb6 1/2-1/2

[Event "SG Porz-SF Brackel 1930"]
[Site "Magdeburg DVM U14"]
[Date "2012.12.28"]
[Round "4.3"]
[White "Wastian, Jan"]
[Black "Brungs, Sven"]
[Result "0-1"]
[WhiteElo "1548"]
[BlackElo "1703"]
[PlyCount "56"]
[EventDate "2012.??.??"]
[WhiteTeam "SF Brackel 1930"]
[BlackTeam "SG Porz"]

1. e4 g6 2. d4 Bg7 3. Nc3 c6 4. a4 d5 5. exd5 cxd5 6. h3 Nf6 7. Nf3 O-O 8. Bd3
Nc6 9. O-O Nb4 10. Re1 Nxd3 11. Qxd3 Bf5 12. Qd1 Re8 13. Bf4 Bd7 14. Ne5 Be6
15. Qd2 a6 16. Ne2 Qb6 17. c3 Ne4 18. Qc1 f6 19. Nf3 Bf7 20. Ng3 e5 21. dxe5
Qxf2+ 22. Kh1 Qc5 23. exf6 Bxf6 24. Ng5 Nxg5 25. Bxg5 Rxe1+ 26. Qxe1 Bxg5 27.
Qe5 Qe7 28. Qd4 Qe3 0-1

[Event "SG Porz-SF Brackel 1930"]
[Site "Magdeburg DVM U14"]
[Date "2012.12.28"]
[Round "4.4"]
[White "Ramien, David"]
[Black "Stemmler, Fabian"]
[Result "1/2-1/2"]
[WhiteElo "1494"]
[BlackElo "1348"]
[PlyCount "120"]
[EventDate "2012.??.??"]
[WhiteTeam "SG Porz"]
[BlackTeam "SF Brackel 1930"]

1. e4 e6 2. Nc3 d5 3. d4 Nf6 4. e5 Nfd7 5. f4 c5 6. Nf3 cxd4 7. Nxd4 Bb4 8. Bd2
O-O 9. Nf3 Nc6 10. Bd3 Qb6 11. Bxh7+ Kxh7 12. Ng5+ Kg6 13. Qg4 Ndxe5 14. fxe5
Qd4 15. Nge4+ Kh7 16. Qh5+ Kg8 17. Ng5 Qxe5+ 18. Kd1 Qf5 19. g4 Qg6 20. Qxg6
fxg6 21. Re1 e5 22. h3 Bxc3 23. Bxc3 d4 24. Bd2 Bd7 25. c3 Rae8 26. Kc2 Rf2 27.
Ne4 Rh2 28. Rh1 Rxh1 29. Rxh1 Be6 30. Re1 Rf8 31. Nc5 Bc8 32. Nd3 Re8 33. Re4
Kf7 34. Be1 Kf6 35. Bf2 Re6 36. Bh4+ g5 37. Bg3 b6 38. h4 gxh4 39. Bxh4+ g5 40.
Bf2 Bb7 41. Re1 e4 42. Nc1 d3+ 43. Kd2 Ne5 44. Bd4 Kg6 45. Bxe5 Rxe5 46. Nxd3
Rb5 47. Nb4 a5 48. a4 Re5 49. Nc2 b5 50. b4 axb4 51. cxb4 Rd5+ 52. Kc1 bxa4 53.
Rxe4 Rd1+ 54. Kxd1 Bxe4 55. Kc1 Kf6 56. Kb2 Ke5 57. Kc3 Kf4 58. Nd4 Kxg4 59.
Ne6 Kf5 60. Nxg5 Kxg5 1/2-1/2

[Event "SK Langen-TuS Makkabi Berlin"]
[Site "Magdeburg DVM U14"]
[Date "2012.12.28"]
[Round "4.1"]
[White "Sawlin, Leonid"]
[Black "Bingert, Tim Niklas"]
[Result "1/2-1/2"]
[WhiteElo "2067"]
[BlackElo "2020"]
[PlyCount "63"]
[EventDate "2012.??.??"]
[WhiteTeam "TuS Makkabi Berlin"]
[BlackTeam "SK Langen"]

1. e4 c5 2. Nf3 Nc6 3. d4 cxd4 4. Nxd4 g6 5. c4 Bg7 6. Be3 Nf6 7. Nc3 O-O 8.
Be2 d6 9. f3 Bd7 10. O-O Nxd4 11. Bxd4 a5 12. Qd2 Bc6 13. b3 Nd7 14. Be3 Nc5
15. Rab1 Qb6 16. Rfc1 Rfc8 17. Rc2 Qd8 18. a3 Bf6 19. b4 axb4 20. axb4 Na4 21.
Nd1 Nb6 22. Nf2 Ra3 23. Kf1 Rca8 24. Ng4 Bg7 25. c5 Na4 26. b5 Nc3 27. Nh6+
Bxh6 28. Rxc3 Bxe3 29. Qxe3 Rxc3 30. Qxc3 Be8 31. Rd1 Qc7 32. Rd5 1/2-1/2

[Event "SK Langen-TuS Makkabi Berlin"]
[Site "Magdeburg DVM U14"]
[Date "2012.12.28"]
[Round "4.3"]
[White "Hübner, Alan-Ari"]
[Black "Özdemir, Ali Özden"]
[Result "1/2-1/2"]
[WhiteElo "1795"]
[BlackElo "1608"]
[PlyCount "125"]
[EventDate "2012.??.??"]
[WhiteTeam "TuS Makkabi Berlin"]
[BlackTeam "SK Langen"]

1. d4 Nf6 2. c4 g6 3. Nc3 Bg7 4. e4 d6 5. Nf3 O-O 6. Be2 e5 7. O-O Nc6 8. d5
Ne7 9. Ne1 Ne8 10. Nd3 f5 11. Bd2 Nf6 12. f3 f4 13. c5 g5 14. cxd6 cxd6 15. Rc1
Rf7 16. a4 h5 17. Nf2 Bf8 18. Nb5 Ng6 19. Rc3 a6 20. Na3 Bd7 21. a5 Rg7 22. Nc4
Rb8 23. Nb6 Nh4 24. Nxd7 Qxd7 25. h3 Rd8 26. Rc4 Re8 27. Kh1 Ree7 28. Be1 Ref7
29. Rc3 Ng6 30. Qc2 Rh7 31. Kg1 Rfg7 32. Bd2 Rf7 33. Rc1 Rhg7 34. b4 Rh7 35.
Rb1 Qe7 36. b5 axb5 37. Rxb5 Rhg7 38. Rb6 Qd8 39. Rc8 Rc7 40. Qxc7 Qxc7 41.
Rxc7 Rxc7 42. Kf1 Nd7 43. Rb1 Kf7 44. Bb5 Be7 45. Bxd7 Rxd7 46. Rc1 Bd8 47. Bb4
Rc7 48. Rxc7+ Bxc7 49. Nd3 Ke8 50. Ke2 Kd7 51. Nb2 Nh4 52. Kf1 Ng6 53. Nc4 Ne7
54. Kf2 Ng6 55. g3 Ne7 56. gxf4 gxf4 57. Kg2 Ng6 58. Be1 Ke7 59. Kf1 Kd7 60.
Ke2 Ke7 61. Kd3 Kd7 62. Kc3 Kd8 63. Kd3 1/2-1/2

[Event "SK Langen-TuS Makkabi Berlin"]
[Site "Magdeburg DVM U14"]
[Date "2012.12.28"]
[Round "4.4"]
[White "Reidl, Jorit"]
[Black "Wierzbicki, Jirawat"]
[Result "0-1"]
[WhiteElo "1058"]
[BlackElo "1769"]
[PlyCount "54"]
[EventDate "2012.??.??"]
[WhiteTeam "SK Langen"]
[BlackTeam "TuS Makkabi Berlin"]

1. Nf3 d5 2. g3 Nf6 3. Bg2 g6 4. O-O Bg7 5. d3 O-O 6. Nbd2 c5 7. e4 e6 8. c4
Nc6 9. Nb3 dxe4 10. dxe4 Nxe4 11. Qe2 f5 12. Rd1 Qe7 13. Be3 b6 14. a4 Bb7 15.
a5 Rad8 16. axb6 axb6 17. h4 h5 18. Ng5 Nxg5 19. Bxg5 Bf6 20. Bxf6 Qxf6 21.
Bxc6 Bxc6 22. Ra6 Rxd1+ 23. Qxd1 Rd8 24. Qe2 Qe5 25. Kf1 Bg2+ 26. Ke1 Bf3 27.
Qxe5 Rd1# 0-1

[Event "SG Turm Raesfeld-SK 1908 Göggingen"]
[Site "Magdeburg DVM U14"]
[Date "2012.12.28"]
[Round "4.1"]
[White "Bilchinski, Anton"]
[Black "Ridder, David"]
[Result "1/2-1/2"]
[WhiteElo "2002"]
[BlackElo "1582"]
[PlyCount "68"]
[EventDate "2012.??.??"]
[WhiteTeam "SK 1908 Göggingen"]
[BlackTeam "SG Turm Raesfeld"]

1. d4 d5 2. c4 e6 3. Nf3 Nf6 4. e3 Be7 5. Bd3 O-O 6. O-O c5 7. cxd5 exd5 8.
dxc5 Bg4 9. Be2 Bxc5 10. b3 Qe7 11. Bb2 Rd8 12. h3 Bh5 13. Nbd2 Nc6 14. g4 Bg6
15. Nd4 Ba3 16. Bxa3 Qxa3 17. N2f3 Qb4 18. a3 Qc3 19. Rc1 Qb2 20. Nxc6 bxc6 21.
Rxc6 Qxa3 22. Nd4 Qe7 23. Ra6 Rd6 24. Ra4 Ne4 25. Qa1 Qh4 26. Rxa7 Rxa7 27.
Qxa7 h6 28. Kg2 Nd2 29. Rd1 Ne4 30. Qb8+ Kh7 31. Rf1 h5 32. b4 f5 33. Qc8 Ng5
34. Rh1 Ne4 1/2-1/2

[Event "SG Turm Raesfeld-SK 1908 Göggingen"]
[Site "Magdeburg DVM U14"]
[Date "2012.12.28"]
[Round "4.2"]
[White "Tünte, Marcel"]
[Black "Reimann, Sebastian"]
[Result "1/2-1/2"]
[WhiteElo "1543"]
[BlackElo "1749"]
[PlyCount "59"]
[EventDate "2012.??.??"]
[WhiteTeam "SG Turm Raesfeld"]
[BlackTeam "SK 1908 Göggingen"]

1. e4 e5 2. Nf3 Nc6 3. Bc4 Bc5 4. c3 Nf6 5. d3 d6 6. O-O O-O 7. Bg5 h6 8. Bh4
Bg4 9. Nbd2 a6 10. h3 Be6 11. Bb3 Ba7 12. Re1 Na5 13. Bxe6 fxe6 14. d4 exd4 15.
cxd4 Qd7 16. Bxf6 Rxf6 17. e5 dxe5 18. Ne4 Rff8 19. dxe5 Qxd1 20. Rexd1 Rad8
21. b3 Nc6 22. Rac1 Bb6 23. Rxd8 Rxd8 24. Nc5 Bxc5 25. Rxc5 Rd1+ 26. Kh2 Kf7
27. Kg3 Ke7 28. Rc4 Ra1 29. Rc2 Rd1 30. Kg4 1/2-1/2

[Event "SG Turm Raesfeld-SK 1908 Göggingen"]
[Site "Magdeburg DVM U14"]
[Date "2012.12.28"]
[Round "4.3"]
[White "Reimann, Matthias"]
[Black "Hoffmann, Fabian"]
[Result "0-1"]
[WhiteElo "1569"]
[BlackElo "1633"]
[PlyCount "84"]
[EventDate "2012.??.??"]
[WhiteTeam "SK 1908 Göggingen"]
[BlackTeam "SG Turm Raesfeld"]

1. c4 c6 2. d4 d5 3. e3 Nf6 4. Nf3 e6 5. Bd3 Nbd7 6. O-O Be7 7. Nc3 O-O 8. Qc2
Re8 9. e4 dxe4 10. Nxe4 Nxe4 11. Bxe4 Nf6 12. Bd3 b6 13. Be3 Bb7 14. Rfd1 Qc7
15. b3 h6 16. Rac1 c5 17. Be2 Ng4 18. g3 Nxe3 19. fxe3 Rad8 20. Qc3 Qc6 21. Rf1
cxd4 22. exd4 Rxd4 23. Rcd1 Rxd1 24. Rxd1 Bf6 25. Qe3 Rd8 26. Rxd8+ Bxd8 27.
Qd3 Bc7 28. a3 Qc5+ 29. Kg2 Qxa3 30. Qd7 Bxf3+ 31. Bxf3 Bd6 32. Qe8+ Bf8 33.
Qb5 Qb2+ 34. Kh3 Qf2 35. Qc6 Qf1+ 36. Bg2 Qf5+ 37. g4 Qf4 38. Qb7 Bd6 39. Qc8+
Kh7 40. Be4+ Qxe4 41. Qd7 Qf3+ 42. Kh4 g5+ 0-1

[Event "SG Turm Raesfeld-SK 1908 Göggingen"]
[Site "Magdeburg DVM U14"]
[Date "2012.12.28"]
[Round "4.4"]
[White "Tünte, Hendrik"]
[Black "Artz, Tobias"]
[Result "1/2-1/2"]
[WhiteElo "1347"]
[BlackElo "1375"]
[PlyCount "55"]
[EventDate "2012.??.??"]
[WhiteTeam "SG Turm Raesfeld"]
[BlackTeam "SK 1908 Göggingen"]

1. e4 e5 2. Nf3 Nc6 3. Bc4 Bc5 4. d3 Nf6 5. Be3 Bb6 6. Nc3 d6 7. h3 Be6 8. Bb3
O-O 9. d4 exd4 10. Nxd4 Nxd4 11. Bxd4 Re8 12. Ba4 c6 13. O-O Bc4 14. Re1 Rc8
15. Bb3 Bxb3 16. axb3 d5 17. Bxb6 Qxb6 18. exd5 Rxe1+ 19. Qxe1 cxd5 20. Qe2 h6
21. Qd3 Rd8 22. Rd1 a6 23. Qd4 Qxd4 24. Rxd4 b5 25. f3 g6 26. Ne4 Kg7 27. Kf2
Rc8 28. Nc3 1/2-1/2

[Event "USV TU Dresden-SV Backnang"]
[Site "Magdeburg DVM U14"]
[Date "2012.12.28"]
[Round "4.1"]
[White "Rausch, Adrian"]
[Black "Scholz, Robert"]
[Result "1/2-1/2"]
[WhiteElo "1752"]
[BlackElo "1856"]
[PlyCount "55"]
[EventDate "2012.??.??"]
[WhiteTeam "SV Backnang"]
[BlackTeam "USV TU Dresden"]

1. d4 Nf6 2. c4 e6 3. Nc3 Bb4 4. Nf3 c5 5. e3 Nc6 6. a3 Bxc3+ 7. bxc3 d6 8. Bd3
e5 9. dxe5 dxe5 10. Qc2 Qe7 11. Nd2 O-O 12. O-O Be6 13. f4 exf4 14. exf4 Rad8
15. f5 Bc8 16. Ne4 Ne5 17. Be2 h6 18. Bf4 Rfe8 19. Bxe5 Qxe5 20. Nxf6+ Qxf6 21.
Rf3 Bd7 22. Raf1 Bc6 23. Rg3 Re5 24. Bd3 Rde8 25. Rd1 Re3 26. Rxe3 Rxe3 27. Qf2
Qe5 28. Rd2 1/2-1/2

[Event "USV TU Dresden-SV Backnang"]
[Site "Magdeburg DVM U14"]
[Date "2012.12.28"]
[Round "4.2"]
[White "Fuchs, Sebastian"]
[Black "Maier, Lukas"]
[Result "1/2-1/2"]
[WhiteElo "1673"]
[BlackElo "1693"]
[PlyCount "52"]
[EventDate "2012.??.??"]
[WhiteTeam "USV TU Dresden"]
[BlackTeam "SV Backnang"]

1. e4 e5 2. Nf3 Nc6 3. Bb5 Bc5 4. O-O Nge7 5. c3 O-O 6. d3 d5 7. Nbd2 Bg4 8. h3
Bh5 9. Re1 f6 10. Nf1 d4 11. Ng3 Bf7 12. Ba4 Bb6 13. Nh4 a6 14. Nhf5 Nxf5 15.
Nxf5 Ne7 16. Nxe7+ Qxe7 17. Bb3 Rad8 18. c4 Bc5 19. a3 b5 20. Qc2 Bb6 21. Bd2
c5 22. Rf1 g5 23. g4 Kg7 24. Kg2 Rh8 25. Rh1 h5 26. f3 Rb8 1/2-1/2

[Event "USV TU Dresden-SV Backnang"]
[Site "Magdeburg DVM U14"]
[Date "2012.12.28"]
[Round "4.3"]
[White "Soos, Philipp"]
[Black "Reiche, Niccolò"]
[Result "0-1"]
[WhiteElo "1604"]
[BlackElo "1671"]
[PlyCount "136"]
[EventDate "2012.??.??"]
[WhiteTeam "SV Backnang"]
[BlackTeam "USV TU Dresden"]

1. e4 e6 2. d4 d5 3. e5 c5 4. c3 Qb6 5. Nf3 Nc6 6. Bd3 Bd7 7. Bc2 cxd4 8. cxd4
Bb4+ 9. Nc3 Nge7 10. O-O Bxc3 11. bxc3 Ng6 12. Rb1 Qc7 13. Ba3 Na5 14. Bb4 Nc4
15. Bd3 a5 16. Bc5 b6 17. Bxc4 bxc5 18. Bb5 O-O 19. Qa4 Bxb5 20. Rxb5 cxd4 21.
cxd4 Rfc8 22. h3 Qc4 23. Qb3 a4 24. Qb2 h6 25. Rb1 Nf4 26. Rb4 Qc3 27. Rd1
Nxh3+ 28. gxh3 Qxf3 29. Rc1 Qxh3 30. Rxa4 Rxc1+ 31. Qxc1 Qg4+ 32. Kf1 Qh3+ 33.
Kg1 Qg4+ 34. Kf1 Rxa4 35. Qc8+ Kh7 36. Qc2+ Qe4 37. Qxa4 h5 38. Qe8 Qb1+ 39.
Kg2 Qg6+ 40. Kh2 Qf5 41. Kg1 Kg6 42. a4 Qg4+ 43. Kh2 Qxd4 44. Qb5 Qxf2+ 45. Kh1
Qe1+ 46. Kh2 Qxe5+ 47. Kh1 Qe4+ 48. Kh2 h4 49. a5 Qf4+ 50. Kh1 Qf3+ 51. Kh2
Qf2+ 52. Kh1 Kf6 53. Qb6 Qf1+ 54. Qg1 Qh3+ 55. Qh2 Qxh2+ 56. Kxh2 d4 57. a6 d3
58. a7 d2 59. a8=Q d1=Q 60. Qe4 Qd2+ 61. Kh3 Qf2 62. Qf5+ Qxf5+ 63. Kg2 Qd3 64.
Kh2 Kf5 65. Kg2 Kg4 66. Kh2 h3 67. Kg1 Qe2 68. Kh1 Qg2# 0-1

[Event "USV TU Dresden-SV Backnang"]
[Site "Magdeburg DVM U14"]
[Date "2012.12.28"]
[Round "4.4"]
[White "Birkenheuer, Simon"]
[Black "Zouani, Samir"]
[Result "0-1"]
[WhiteElo "1568"]
[BlackElo "1486"]
[PlyCount "94"]
[EventDate "2012.??.??"]
[WhiteTeam "USV TU Dresden"]
[BlackTeam "SV Backnang"]

1. e4 e5 2. Nf3 Nc6 3. Bb5 Bc5 4. O-O Nge7 5. c3 a6 6. Ba4 b5 7. Bb3 O-O 8. h3
d5 9. d4 dxe4 10. Ng5 h6 11. Nxe4 Bb6 12. dxe5 Qxd1 13. Rxd1 Nxe5 14. Bf4 N7g6
15. Bg3 Bb7 16. Bc2 f5 17. Ned2 f4 18. Bh2 Nh4 19. Be4 Bxe4 20. Nxe4 Rae8 21.
Nbd2 Nd3 22. Rf1 Nxb2 23. Kh1 Nd3 24. a4 Rd8 25. Bg1 Rfe8 26. axb5 axb5 27.
Rab1 c6 28. c4 b4 29. c5 Bxc5 30. Nxc5 Nxc5 31. Nb3 Nxb3 32. Rxb3 Rb8 33. Rfb1
c5 34. f3 Rec8 35. Rd3 c4 36. Rd4 c3 37. Rxf4 c2 38. Rc1 b3 39. Bd4 b2 40. Bxb2
Rxb2 41. Rxc2 Rcxc2 42. Rxh4 Rxg2 43. Re4 Rgd2 44. Re1 Rh2+ 45. Kg1 Rxh3 46.
Re3 Rhh2 47. Kf1 Rh1# 0-1

[Event "USC Magdeburg-SK Gau-Algesheim"]
[Site "Magdeburg DVM U14"]
[Date "2012.12.28"]
[Round "4.1"]
[White "Bauer, Björn-Benny"]
[Black "Heinemann, Josefine"]
[Result "1/2-1/2"]
[WhiteElo "2040"]
[BlackElo "1934"]
[PlyCount "61"]
[EventDate "2012.??.??"]
[WhiteTeam "SK Gau-Algesheim"]
[BlackTeam "USC Magdeburg"]

1. d4 Nf6 2. c4 g6 3. Nc3 d5 4. cxd5 Nxd5 5. e4 Nxc3 6. bxc3 Bg7 7. Bc4 c5 8.
Ne2 Nc6 9. Be3 O-O 10. O-O Qc7 11. Rc1 Rd8 12. f3 Na5 13. Bd3 e5 14. d5 c4 15.
Bc2 b6 16. Qe1 Nb7 17. Qh4 Nd6 18. f4 f5 19. fxe5 Bxe5 20. Nd4 fxe4 21. Nc6 Nf5
22. Qxd8+ Qxd8 23. Nxd8 Nxe3 24. Rf2 Ng4 25. Re2 Bxh2+ 26. Kh1 Bf5 27. Nc6 Bd6
28. Rf1 Nh2 29. Rfe1 Ng4 30. Rf1 Nh2 31. Rfe1 1/2-1/2

[Event "USC Magdeburg-SK Gau-Algesheim"]
[Site "Magdeburg DVM U14"]
[Date "2012.12.28"]
[Round "4.2"]
[White "Geue, Niklas"]
[Black "Grieb, Lukas"]
[Result "1/2-1/2"]
[WhiteElo "1531"]
[BlackElo "1636"]
[PlyCount "60"]
[EventDate "2012.??.??"]
[WhiteTeam "USC Magdeburg"]
[BlackTeam "SK Gau-Algesheim"]

1. e4 c5 2. Nf3 Nc6 3. d4 cxd4 4. Nxd4 Qb6 5. Nb3 Nf6 6. Nc3 e6 7. Be3 Qd8 8.
Bd3 Bb4 9. Bd2 d5 10. exd5 exd5 11. O-O O-O 12. a3 Bd6 13. h3 Be6 14. Bg5 h6
15. Bh4 Ne5 16. Nb5 Be7 17. Re1 Nxd3 18. Qxd3 Ne4 19. Bxe7 Qxe7 20. f3 Nf6 21.
N5d4 Qd6 22. Nxe6 fxe6 23. Qg6 Qb6+ 24. Kh1 Rfe8 25. Re2 Rac8 26. Rae1 Rc6 27.
Qd3 Kf7 28. Nd4 Rd6 29. Nb5 Rd7 30. Nd4 Rd6 1/2-1/2

[Event "USC Magdeburg-SK Gau-Algesheim"]
[Site "Magdeburg DVM U14"]
[Date "2012.12.28"]
[Round "4.3"]
[White "Erlekam, Simon"]
[Black "Fahsel, Nico"]
[Result "1-0"]
[WhiteElo "1659"]
[BlackElo "1499"]
[PlyCount "36"]
[EventDate "2012.??.??"]
[WhiteTeam "SK Gau-Algesheim"]
[BlackTeam "USC Magdeburg"]

1. e4 c5 2. Nf3 Nc6 3. d4 cxd4 4. Nxd4 g6 5. Nc3 Bg7 6. Be3 d6 7. Be2 Nf6 8.
Qd2 Bd7 9. O-O-O a6 10. h4 h5 11. f4 Bg4 12. f5 Qc8 13. Bxg4 Nxg4 14. Nd5 Nxe3
15. Qxe3 Nb4 16. Kb1 Bxd4 17. Qxd4 Qxc2+ 18. Ka1 Qxd1+ 1-0

[Event "USC Magdeburg-SK Gau-Algesheim"]
[Site "Magdeburg DVM U14"]
[Date "2012.12.28"]
[Round "4.4"]
[White "Hoang, Viet Long"]
[Black "Jusman, Jesse Samuel"]
[Result "1/2-1/2"]
[WhiteElo "1438"]
[BlackElo "1138"]
[PlyCount "68"]
[EventDate "2012.??.??"]
[WhiteTeam "USC Magdeburg"]
[BlackTeam "SK Gau-Algesheim"]

1. e4 e5 2. Nf3 Nc6 3. Bc4 Bc5 4. d3 d6 5. h3 Be6 6. Bb3 Qd7 7. Nc3 Nf6 8. Bg5
Rg8 9. Qe2 O-O-O 10. Bxe6 Qxe6 11. a3 h6 12. Bxf6 Qxf6 13. Nd5 Qe6 14. b4 Nd4
15. Nxd4 Bxd4 16. c3 Bb6 17. Qg4 Rd7 18. Qxe6 fxe6 19. Nxb6+ axb6 20. Rd1 Rf8
21. c4 c6 22. Rd2 d5 23. f3 Kd8 24. Ke2 Ke7 25. Re1 c5 26. b5 d4 27. Ra1 g5 28.
a4 Rdd8 29. a5 Ra8 30. Rda2 bxa5 31. Rxa5 Rxa5 32. Rxa5 Kd6 33. Ra1 h5 34. g3
h4 1/2-1/2

[Event "Karlsruher SF 1853-SK Doppelbauer Kiel"]
[Site "Magdeburg DVM U14"]
[Date "2012.12.28"]
[Round "4.1"]
[White "Beeck, Mats"]
[Black "Bykov, Ilya"]
[Result "1/2-1/2"]
[WhiteElo "1766"]
[BlackElo "1648"]
[PlyCount "91"]
[EventDate "2012.??.??"]
[WhiteTeam "SK Doppelbauer Kiel"]
[BlackTeam "Karlsruher SF 1853"]

1. c4 Nf6 2. Nc3 g6 3. d4 Bg7 4. e4 d6 5. Be2 e5 6. dxe5 dxe5 7. Qxd8+ Kxd8 8.
h3 Be6 9. Be3 c6 10. Nf3 Nbd7 11. Ng5 Nf8 12. O-O N6d7 13. Rac1 h6 14. Nxe6+
Nxe6 15. Rfd1 Ke7 16. g3 f5 17. exf5 gxf5 18. f4 Rhg8 19. Kh2 e4 20. Rc2 Bxc3
21. Rxc3 Nf6 22. b4 b6 23. a4 a5 24. Rb3 Nd7 25. g4 fxg4 26. hxg4 axb4 27. f5
Ng5 28. Kg3 Rh8 29. Rh1 Nf7 30. Rxb4 c5 31. Rxb6 Nxb6 32. Bxc5+ Kd7 33. Bxb6
Rxa4 34. c5 Ra3+ 35. Kf4 Kc6 36. Rb1 Ng5 37. Rd1 Re8 38. Rd6+ Kb7 39. f6 Rf8
40. Rd7+ Kc6 41. Rd6+ Kb7 42. Rd7+ Kb8 43. Ke5 Kc8 44. c6 e3 45. Bd3 Rxd3 46.
Rc7+ 1/2-1/2

[Event "Karlsruher SF 1853-SK Doppelbauer Kiel"]
[Site "Magdeburg DVM U14"]
[Date "2012.12.28"]
[Round "4.2"]
[White "Wiesner, Alexander"]
[Black "Wanner, Lukas"]
[Result "1/2-1/2"]
[WhiteElo "1644"]
[BlackElo "1628"]
[PlyCount "45"]
[EventDate "2012.??.??"]
[WhiteTeam "Karlsruher SF 1853"]
[BlackTeam "SK Doppelbauer Kiel"]

1. e4 c5 2. Nf3 d6 3. d4 cxd4 4. Nxd4 Nf6 5. Nc3 g6 6. Be3 Bg7 7. f3 O-O 8. Qd2
Nc6 9. O-O-O d5 10. exd5 Nxd5 11. Nxc6 bxc6 12. Nxd5 cxd5 13. Qxd5 Qc7 14. Qxa8
Bf5 15. Qxf8+ Kxf8 16. Rd2 Be6 17. a3 f5 18. Be2 Qb7 19. c3 Qb3 20. Bd1 Qc4 21.
Be2 Qb3 22. Bd1 Qc4 23. Be2 1/2-1/2